| 000 -LEADER |
| fixed length control field |
00648nam a2200229Ia 4500 |
| 001 - CONTROL NUMBER |
| control field |
13265 |
| 003 - CONTROL NUMBER IDENTIFIER |
| control field |
GE_BSU |
| 008 - FIXED-LENGTH DATA ELEMENTS--GENERAL INFORMATION |
| fixed length control field |
181216s||||||||xx |||||||||||||| ||und|| |
| 040 ## - CATALOGING SOURCE |
| Transcribing agency |
GE_BSU |
| 080 ## - UNIVERSAL DECIMAL CLASSIFICATION NUMBER |
| Universal Decimal Classification number |
632.95(035) |
| 100 ## - MAIN ENTRY--PERSONAL NAME |
| Personal name |
Мельников,Н.Н. |
| 245 ## - TITLE STATEMENT |
| Title |
Химические средства защиты (Пестициды) |
| 245 ## - TITLE STATEMENT |
| Remainder of title |
Справочник |
| 245 ## - TITLE STATEMENT |
| Statement of responsibility, etc. |
Ред.О.И.Слуцкий |
| 260 ## - PUBLICATION, DISTRIBUTION, ETC. |
| Place of publication, distribution, etc. |
Москва |
| 260 ## - PUBLICATION, DISTRIBUTION, ETC. |
| Name of publisher, distributor, etc. |
Химия |
| 260 ## - PUBLICATION, DISTRIBUTION, ETC. |
| Date of publication, distribution, etc. |
1980 |
| 300 ## - PHYSICAL DESCRIPTION |
| Extent |
287стр.20см. |
| 300 ## - PHYSICAL DESCRIPTION |
| Dimensions |
Библиогр.с.278-279 |
| 653 ## - INDEX TERM--UNCONTROLLED |
| Uncontrolled term |
Химические средства защиты |
| 942 ## - ADDED ENTRY ELEMENTS (KOHA) |
| Koha item type |
წიგნი |